00448nam a22001337a 4500082001600000100002000016245013600036260003500172300000900207490004200216505003000258650001700288650000900305 a574.192 KAR aKarunaratne,D.N aBiochemical Pathways:Bioenergetics and Some Energy Producting Pathways : Experimental Copy :Carbohydrates, Amino Acids and Proteins aColombobOpen Universityc2000 a109p aBachelor of Science: Level 5 CHU 3139 aBachelor Science :Level 5 aBiochemistry aOUSL